000 01078nam a2200265Ia 4500
003 OSt
005 20221005111840.0
006 a|||||r|||| 00| 0
007 ta
008 221004b |||||||| |||| 00| 0 hin d
020 _a9788190585576 (hbk)
_c500
024 _a17570
037 _b277, 10/03/2015, Eastern Book Linkers
_cTextual
040 _aCRL
_cCRL
_bhin
041 _2hin
_ahin
082 _aO15,2D35:g(Y15), 152P8
100 _aमिश्रा, प्रियम्बदा कुमारी
245 0 _aमहाकवि भास के नाटकों में नारी
246 _aMahākavi bhās ke nāṭakoan mean nārī
260 _aवाराणसी
_bआदित्य बुक सेन्टर भारत
_c2008
300 _a213पृ0
_ccm.
650 _aसंस्कृत साहित्य
942 _hO15,2D35:g(Y15), 152P8
_cTEXL
_2cc
999 _c1023087
_d1023087